Biblioteka Instytutu Północnego w Olsztynie

Widok standardowy Widok MARC

Pozycja Geographic Name

Liczba rekordów, w których użyto hasła: 1

001 - Numer kontrolny

  • control field: 40963

003 - Identyfikator numeru kontrolnego

  • control field: NUKAT

005 - Data i czas ostatniej modyfikacji

  • control field: 20260430101708.0

008 - Dane kontrolne kodowane (40 znaków)

  • fixed length control field: 180618n||azznnbabn |a ana |

010 ## - Numer kontrolny Biblioteki Kongresu

  • numer kontrolny LC: p 2018171827

035 ## - Numer systemowy

  • numer systemowy: a37881589

035 ## - Numer systemowy

  • numer systemowy: (PL)a0000003788158

040 ## - Instytucja sporządzająca rekord

  • inst. przygot. dane do rek. khw: WA N
  • język haseł przedmiotowych/tezaurus: DBN
  • inst. wprow. rek. khw: WA N

043 ## - Kod obszaru geograficznego

  • ISO code: DE
  • ISO code: PL

045 2# - Okres czasu dla hasła

  • okr. czasu od 9999 pne do n.e.: d1939
  • okr. czasu od 9999 pne do n.e.: d1945

151 ## - Hasło - nazwa geograficzna

  • nazwa geograficzna: Dystrykt krakowski (1939-1945)

368 ## - Other Attributes

  • Juris type: Jednostki administracyjne dawne
  • Juris type: Dystrykty

451 ## - Trop zob. - nazwa geograficzna

  • nazwa geograficzna: Distrikt Krakau

551 ## - Trop zob. też - nazwa geograficzna

  • podpole kontrolne: g
  • nazwa geograficzna: Generalne Gubernatorstwo (1939-1945)

551 ## - Trop zob. też - nazwa geograficzna

  • podpole kontrolne: g
  • nazwa geograficzna: Powiat dębicki (1939-1944)

551 ## - Trop zob. też - nazwa geograficzna

  • podpole kontrolne: h
  • nazwa geograficzna: Powiat krakowski (1939-1945)

551 ## - Trop zob. też - nazwa geograficzna

  • podpole kontrolne: h
  • nazwa geograficzna: Powiat miechowski (1939-1945)

551 ## - Trop zob. też - nazwa geograficzna

  • podpole kontrolne: h
  • nazwa geograficzna: Powiat nowosądecki (1939-1945)

551 ## - Trop zob. też - nazwa geograficzna

  • podpole kontrolne: h
  • nazwa geograficzna: Powiat nowotarski (1939-1945)

670 ## - Źródło informacji

  • źródło informacji: Wikipedia
Biblioteka Instytutu Północnego, ul. Partyzantów 87, 10-402 Olsztyn, email: biblioteka(at)ip.olsztyn.pl